000 00654cab a2200217 4500
001 X92371
008 090401t1998 xxu||||| |||| 00| 0 eng d
035 _a(Sirsi) u87836
041 _aeng
245 _aR v Harrow LBC ex parte Fahia
260 _c1998
350 _a0
490 _aNew Property Cases
_v1998 NPC 122
520 _aHL 23 July 1998. "R v Brent LBC ex parte Awua considered but not determined. NB NO PHOTOCOPYING ALLOWED.
650 _aHOMELESS
650 _aHOUSING ACT 1985 PART III
650 _aR V BRENT LBC EX P AWUA
690 _aLANDLORD AND TENANT-CASE LAW-RESIDENTIAL TENANCIES
942 _n0
948 _c05/08/1998
999 _c55435
_d55435